000 01190nam a22002897a 4500
003 OSt
005 20250808155511.0
008 200224s2019 ck a|||br|||| 00| j spa d
020 _a9789585595002
040 _aCO-JMCR
_cCO-JMCR
041 1 _aspa
_heng
082 0 4 _aJ-C
_bMONn
100 1 _aMonteiro Lobato, José Bento,
_eautor
_9881
245 1 0 _aNaricita impertinente :
_by la finca del pájaro carpintero amarillo /
_cMonteiro Lobato ; traducción de Mariana Serrano Zalamea ; ilustrados por Sindy Elefante
250 _aPrimera edición
260 _aBogotá :
_bAlcaldía Mayor de Bogotá ; Instituto Distrital de las Artes Idartes,
_c2019
300 _a139 páginas :
_bilustraciones a blanco y negro ;
_c17 cm.
490 0 _aLibro al viento inicial ;
_v143
500 _aIncluye datos biográficos y fotografía del autor.
505 0 _aNaricita impertinente -- La finca del pájaro carpintero amarillo
546 _aTraducido del inglés
650 1 4 _aCuentos infantiles
_9882
650 1 4 _aUniverso fantástico
_xcuento infantil
_9883
700 1 _aSerrano Zalamea, Mariana,
_etraductora
_9884
700 1 _aElefante, Sindy,
_eilustradora
_9885
942 _2ddc
_cBK
999 _c6586
_d6586